| 000 | 00646nam a22001815i 4500 | ||
|---|---|---|---|
| 001 | 184407 | ||
| 003 | ES-MaACL | ||
| 005 | 20251011063200.0 | ||
| 008 | 150820q18701876sp |||| | spa d | ||
| 080 | _a821.134.2-31"18" | ||
| 100 | 0 |
_aSan Martín, Antonio de, _d1841-1887 _9102257 |
|
| 245 | 1 | 3 |
_aEl Real de Santa Fe _b: novela histórica / _coriginal de Antonio de San Martin. |
| 260 |
_aMadrid : _bUrbano Manini, _c[187?] |
||
| 300 |
_a255 p. ; _c17 cm. |
||
| 500 | _aEl editor trabaja en la segunda mitad del siglo XIX. | ||
| 852 |
_aES-MaACL _jG-10957 _z.- Firma autografa de Gustavo Saenz Diez, 1876 |
||
| 999 |
_c184407 _d184407 |
||